<?xml version="1.0" encoding="UTF-8"?>
<record
    xmlns:xsi="http://www.w3.org/2001/XMLSchema-instance"
    xsi:schemaLocation="http://www.loc.gov/MARC21/slim http://www.loc.gov/standards/marcxml/schema/MARC21slim.xsd"
    xmlns="http://www.loc.gov/MARC21/slim">

  <leader>01549nam a22002897a 4500</leader>
  <datafield tag="999" ind1=" " ind2=" ">
    <subfield code="c">68962</subfield>
    <subfield code="d">68962</subfield>
  </datafield>
  <controlfield tag="005">20251113144626.0</controlfield>
  <controlfield tag="008">      s2556    th ||||| |||| 00| 0 tha d</controlfield>
  <datafield tag="020" ind1=" " ind2=" ">
    <subfield code="a">9789742281168</subfield>
  </datafield>
  <datafield tag="040" ind1=" " ind2=" ">
    <subfield code="a">NALT</subfield>
  </datafield>
  <datafield tag="041" ind1="1" ind2=" ">
    <subfield code="a">tha</subfield>
    <subfield code="h">eng</subfield>
  </datafield>
  <datafield tag="050" ind1=" " ind2=" ">
    <subfield code="a">HD 69.C6 </subfield>
    <subfield code="b">&#xE1A;827&#xE1C; 2556</subfield>
  </datafield>
  <datafield tag="100" ind1="1" ind2=" ">
    <subfield code="a">&#xE40;&#xE1A;&#xE2D;&#xE23;&#xE4C;&#xE0A;&#xE32;&#xE23;&#xE4C;&#xE14;, &#xE40;&#xE1A;&#xE23;&#xE19;&#xE14;&#xE2D;&#xE19;</subfield>
    <subfield code="9">31015</subfield>
  </datafield>
  <datafield tag="245" ind1="1" ind2="0">
    <subfield code="a">&#xE1C;&#xE39;&#xE49;&#xE2A;&#xE48;&#xE07;&#xE2A;&#xE32;&#xE23;&#xE2D;&#xE31;&#xE19;&#xE21;&#xE31;&#xE48;&#xE07;&#xE04;&#xE31;&#xE48;&#xE07; : </subfield>
    <subfield code="b">The millionaire messenger : make a difference and a fortune sharing your advice /</subfield>
    <subfield code="c">&#xE40;&#xE1A;&#xE23;&#xE19;&#xE14;&#xE2D;&#xE19; &#xE40;&#xE1A;&#xE2D;&#xE23;&#xE4C;&#xE0A;&#xE32;&#xE23;&#xE4C;&#xE14; ; &#xE09;&#xE31;&#xE15;&#xE23;&#xE0A;&#xE31;&#xE22; &#xE28;&#xE34;&#xE23;&#xE34;&#xE27;&#xE32;&#xE19;&#xE19;&#xE17;&#xE4C;, &#xE20;&#xE31;&#xE04;&#xE19;&#xE31;&#xE19;&#xE17;&#xE4C; &#xE28;&#xE34;&#xE23;&#xE34;&#xE27;&#xE32;&#xE19;&#xE19;&#xE17;&#xE4C; &#xE41;&#xE1B;&#xE25;.</subfield>
  </datafield>
  <datafield tag="250" ind1=" " ind2=" ">
    <subfield code="a">&#xE1E;&#xE34;&#xE21;&#xE1E;&#xE4C;&#xE04;&#xE23;&#xE31;&#xE49;&#xE07;&#xE17;&#xE35;&#xE48; 1</subfield>
  </datafield>
  <datafield tag="260" ind1=" " ind2=" ">
    <subfield code="a">&#xE01;&#xE23;&#xE38;&#xE07;&#xE40;&#xE17;&#xE1E;&#xE2F; : </subfield>
    <subfield code="b">&#xE42;&#xE1E;&#xE2A;&#xE15;&#xE4C; &#xE1E;&#xE31;&#xE1A;&#xE25;&#xE34;&#xE0A;&#xE0A;&#xE34;&#xE48;&#xE07;, </subfield>
    <subfield code="c">2556.</subfield>
  </datafield>
  <datafield tag="300" ind1=" " ind2=" ">
    <subfield code="a">263 &#xE2B;&#xE19;&#xE49;&#xE32; ;</subfield>
    <subfield code="b"> </subfield>
    <subfield code="c">21 &#xE0B;&#xE21;.</subfield>
  </datafield>
  <datafield tag="650" ind1=" " ind2="4">
    <subfield code="a">&#xE04;&#xE27;&#xE32;&#xE21;&#xE2A;&#xE33;&#xE40;&#xE23;&#xE47;&#xE08; </subfield>
    <subfield code="9">12304</subfield>
    <subfield code="x">&#xE41;&#xE07;&#xE48;&#xE08;&#xE34;&#xE15;&#xE27;&#xE34;&#xE17;&#xE22;&#xE32;</subfield>
  </datafield>
  <datafield tag="650" ind1=" " ind2="4">
    <subfield code="a">&#xE17;&#xE35;&#xE48;&#xE1B;&#xE23;&#xE36;&#xE01;&#xE29;&#xE32;&#xE17;&#xE32;&#xE07;&#xE18;&#xE38;&#xE23;&#xE01;&#xE34;&#xE08;</subfield>
    <subfield code="9">31019</subfield>
  </datafield>
  <datafield tag="650" ind1=" " ind2="0">
    <subfield code="a">&#xE1C;&#xE39;&#xE49;&#xE1B;&#xE23;&#xE30;&#xE01;&#xE2D;&#xE1A;&#xE01;&#xE32;&#xE23;</subfield>
    <subfield code="9">85</subfield>
  </datafield>
  <datafield tag="650" ind1=" " ind2="4">
    <subfield code="a">&#xE04;&#xE27;&#xE32;&#xE21;&#xE0A;&#xE33;&#xE19;&#xE32;&#xE0D;&#xE17;&#xE32;&#xE07;&#xE27;&#xE34;&#xE0A;&#xE32;&#xE0A;&#xE35;&#xE1E;&#xE40;&#xE09;&#xE1E;&#xE32;&#xE30;&#xE14;&#xE49;&#xE32;&#xE19;</subfield>
    <subfield code="9">31018</subfield>
  </datafield>
  <datafield tag="700" ind1="0" ind2=" ">
    <subfield code="9">31014</subfield>
    <subfield code="a">&#xE20;&#xE31;&#xE04;&#xE19;&#xE31;&#xE19;&#xE17;&#xE4C; &#xE28;&#xE34;&#xE23;&#xE34;&#xE27;&#xE32;&#xE19;&#xE19;&#xE17;&#xE4C;</subfield>
  </datafield>
  <datafield tag="700" ind1="0" ind2=" ">
    <subfield code="9">31020</subfield>
    <subfield code="a">&#xE09;&#xE31;&#xE15;&#xE23;&#xE0A;&#xE31;&#xE22; &#xE28;&#xE34;&#xE23;&#xE34;&#xE27;&#xE32;&#xE19;&#xE19;&#xE17;&#xE4C;</subfield>
  </datafield>
  <datafield tag="700" ind1="1" ind2=" ">
    <subfield code="9">31017</subfield>
    <subfield code="a">Burchard, Brendon</subfield>
  </datafield>
  <datafield tag="850" ind1=" " ind2=" ">
    <subfield code="a">NALT</subfield>
  </datafield>
  <datafield tag="942" ind1=" " ind2=" ">
    <subfield code="c">GB</subfield>
    <subfield code="0">1</subfield>
    <subfield code="2">lcc</subfield>
  </datafield>
  <datafield tag="998" ind1=" " ind2=" ">
    <subfield code="j">1020</subfield>
    <subfield code="k"> &#xE19;&#xE32;&#xE07;&#xE08;&#xE33;&#xE40;&#xE23;&#xE35;&#xE22;&#xE07;  &#xE23;&#xE30;&#xE27;&#xE31;&#xE07;&#xE2A;&#xE33;&#xE42;&#xE23;&#xE07;</subfield>
  </datafield>
  <datafield tag="952" ind1=" " ind2=" ">
    <subfield code="0">0</subfield>
    <subfield code="1">0</subfield>
    <subfield code="2">lcc</subfield>
    <subfield code="4">0</subfield>
    <subfield code="7">0</subfield>
    <subfield code="8">CGBL</subfield>
    <subfield code="a">NALT</subfield>
    <subfield code="b">NALT</subfield>
    <subfield code="e">&#xE08;&#xE31;&#xE14;&#xE0B;&#xE37;&#xE49;&#xE2D;&#xE17;&#xE23;&#xE31;&#xE1E;&#xE22;&#xE32;&#xE01;&#xE23;</subfield>
    <subfield code="g">245.00</subfield>
    <subfield code="l">1</subfield>
    <subfield code="m">1</subfield>
    <subfield code="o">HD 69.C6 &#xE1A;827&#xE1C; 2556</subfield>
    <subfield code="p">3961194626</subfield>
    <subfield code="r">2017-07-17 00:00:00</subfield>
    <subfield code="s">2017-07-07</subfield>
    <subfield code="v">295.00</subfield>
    <subfield code="w">2017-06-09</subfield>
    <subfield code="y">GB</subfield>
  </datafield>
</record>
